|
|
|
|
| LEADER |
00000nab a2200000 a 4500 |
| 001 |
vtls008874913 |
| 003 |
SK-MaSNL |
| 005 |
20260426083948.0 |
| 008 |
250505c2005 xo 0 slo |
| 015 |
|
|
|a SNBCL2005/5
|
| 035 |
|
|
|a SLK036257
|
| 035 |
|
|
|a urn:nbn:sk:snk-ab32t2
|
| 035 |
|
|
|a (urnnbn)urn:nbn:sk:snk:ar-a05qhz
|
| 035 |
|
|
|a (uuid)e658d700-f7d2-42c0-acbb-5e05d6367618
|
| 040 |
|
|
|a SNKBUCL
|b slo
|c SNKBUCL
|e AACR2
|
| 041 |
0 |
|
|a slo
|
| 044 |
|
|
|a xo
|c SK
|
| 080 |
|
|
|a 616-056.257(437.6):061.3
|2 1981
|
| 100 |
1 |
|
|a Baráková, Anna
|4 aut
|9 443641
|
| 245 |
1 |
0 |
|a Abdominálna obezita a prioritné rizikové faktory zdravia v populácii SR
|c A. Baráková, P. Blažíček, J. Námešná
|
| 650 |
0 |
7 |
|a obezita
|2 MESH
|9 2527
|
| 650 |
0 |
7 |
|a prevalencia
|2 MESH
|9 840846
|
| 650 |
0 |
7 |
|a hmotnosť telesná
|2 MESH
|9 967731
|
| 650 |
0 |
7 |
|a faktory rizikové
|2 MESH
|9 838956
|
| 651 |
|
7 |
|a Slovensko
|2 SNKBUCL
|9 14231
|
| 651 |
|
7 |
|a Slovensko
|2 MESH
|9 14231
|
| 700 |
1 |
|
|a Blažíček, Pavel,
|d 1942-
|4 aut
|9 178661
|
| 700 |
1 |
|
|a Námešná, J.
|4 aut
|9 1149270
|
| 711 |
2 |
|
|a Slovenské obezitologické dni
|n (4. :
|d 2005 :
|c Nimnica, Slovensko)
|4 aut
|9 120671
|
| 773 |
0 |
|
|t Interná medicína
|g Roč. 5, č. 10 (2005), s. 581-582
|x 1335-8359
|
| 850 |
|
|
|a Slovenská národná knižnica
|
| 852 |
|
|
|a Slovenská národná knižnica
|
| 954 |
|
|
|a odborná, vedecká literatúra pôvodná (slovenská)
|2 lita
|
| 958 |
|
|
|a article2022
|
| 958 |
|
|
|a OND
|
| 958 |
|
|
|a EUIPO
|
| 999 |
|
|
|c 2917566
|d 2919496
|